[Event "Abierto Legislatura Norberto La Porta in memoriam"]
[Site "Buenos Aires, ARG"]
[Date "2009.04.13"]
[Round "6.23"]
[White "Juarez, Carlos Eleodoro"]
[Black "Schweber, Samuel"]
[Result "0-1"]
[WhiteElo "2148"]
[BlackElo "2349"]

1. e4 c5 2. Nf3 a6 3. d4 cxd4 4. Nxd4 Nf6 5. Nc3 e5 6. Nf3 Bb4 7. Bd2 d6 8.
Bd3 Bg4 9. h3 Bh5 10. g4 Bg6 11. Qe2 Nbd7 12. a3 Bxc3 13. Bxc3 Nc5 14. Nd2 Na4
15. Rb1 Nxc3 16. bxc3 b5 17. c4 O-O 18. O-O Ne8 19. cxb5 axb5 20. Rxb5 Nc7
21. Rb3 Ne6 22. Qe3 Nc5 23. Rb5 Ne6 24. Nc4 Nf4 25. Rd1 h5 26. Be2 Qh4 {
Planilla Ilegible} 0-1

[Event "Abierto Legislatura Norberto La Porta in memoriam"]
[Site "Buenos Aires, ARG"]
[Date "2009.04.13"]
[Round "6.24"]
[White "Perelman, Hernan"]
[Black "Lo Presti, Roberto"]
[Result "1-0"]
[WhiteElo "2326"]
[BlackElo "2117"]

1. d4 Nf6 2. c4 e6 3. g3 d5 4. Bg2 dxc4 5. Nf3 Nc6 6. O-O Rb8 7. e3 b5 8. b3
cxb3 9. Nfd2 Bd7 10. Nxb3 a5 11. a4 bxa4 12. Rxa4 Bb4 13. Bd2 Ne7 14. Ra1 a4
15. Bxb4 axb3 16. Bc5 b2 17. Ra2 Bb5 18. Re1 Nd7 19. Ba3 Bc4 20. Rxb2 Rxb2
21. Bxb2 O-O 22. Qc2 Bd5 23. e4 Ba8 24. Rc1 c6 25. Nd2 Qc7 26. Ba3 Re8 27. h4
Ng6 28. Nc4 c5 29. dxc5 Bc6 30. Bb2 Rc8 31. h5 Nge5 32. Nd6 Rd8 33. Qc3 f6 34.
f4 Nf7 35. Kh2 Nf8 36. Qc4 Qd7 37. Rc2 Nxd6 38. cxd6 Rc8 39. h6 Qxd6 40. e5
fxe5 41. Bxe5 1-0

[Event "Abierto Legislatura Norberto La Porta in memoriam"]
[Site "Buenos Aires, ARG"]
[Date "2009.04.13"]
[Round "6.25"]
[White "Varela, Gaston"]
[Black "Romano, Oscar"]
[Result "1-0"]
[WhiteElo "2323"]
[BlackElo "2114"]

1. e4 c6 2. Nf3 d5 3. Nc3 dxe4 4. Nxe4 Bf5 5. Ng3 Bg6 6. h4 h6 7. Ne5 Bh7 8.
Qh5 g6 9. Qf3 Nf6 10. Bc4 e6 11. Ne4 Nbd7 12. d4 Nxe5 1-0

[Event "Abierto Legislatura Norberto La Porta in memoriam"]
[Site "Buenos Aires, ARG"]
[Date "2009.04.13"]
[Round "6.26"]
[White "Meza, Hugo"]
[Black "Gimenez, Santiago"]
[Result "0-1"]
[WhiteElo "2315"]
[BlackElo "2112"]

1. d4 Nf6 2. c4 g6 3. Nc3 Bg7 4. e4 O-O 5. Be2 d6 6. Nf3 c5 7. d5 e6 8. O-O
exd5 9. cxd5 Re8 10. Nd2 Nbd7 11. a4 b6 12. f4 c4 13. Nxc4 Nxe4 14. Nxe4 Rxe4
15. Nxd6 Rd4 16. Qc2 Nf6 17. Nb5 Bf5 18. Qc6 Rxd5 19. Bf3 Rc8 20. Bxd5 Rxc6
21. Bxc6 a6 22. Nc3 Qd4+ 23. Kh1 Ng4 24. h3 Nf2+ 25. Kh2 h5 26. Nd5 Nd1 27.
Ra3 Kh7 28. Re1 Qc5 29. Rxd1 Qxc6 30. b4 Bc2 31. b5 axb5 32. axb5 Qc5 33. Rd2
Be4 0-1

[Event "Abierto Legislatura Norberto La Porta in memoriam"]
[Site "Buenos Aires, ARG"]
[Date "2009.04.13"]
[Round "6.27"]
[White "Mayorga, Nicolas"]
[Black "Vazquez, Maximiliano"]
[Result "1-0"]
[WhiteElo "2306"]
[BlackElo "2112"]

1. e4 e6 2. d4 d5 3. Nc3 dxe4 4. Nxe4 Nf6 5. Nxf6+ gxf6 6. g3 c6 7. Bg2 Qc7
8. Ne2 Nd7 9. Bf4 Bd6 10. c4 O-O 11. c5 Bxf4 12. Nxf4 Qa5+ 13. Kf1 Kh8 14. Be4
f5 15. Bf3 Nf6 16. Kg2 Bd7 17. Qe2 Qc7 18. Rhe1 Rae8 19. b4 a6 20. a4 Rg8
21. Nd3 Ng4 22. h3 Nf6 23. Qe5 Qxe5 24. Nxe5 Re7 25. b5 axb5 26. axb5 cxb5 27.
Bxb7 Be8 28. Bf3 Ne4 29. Ra6 Rc7 30. Bxe4 fxe4 31. Rxe4 f6 32. Nf3 Bd7 33.
Rf4 Rf8 34. Ne5 fxe5 35. Rxf8+ Kg7 36. Rd8 exd4 37. f4 Bc8 38. Rb6 Rxc5 39.
Rxd4 Kf7 40. Rd8 h5 41. Rh8 Kg7 42. Rd8 Kf7 43. Rb8 Ba6 44. g4 hxg4 45. hxg4 Ke7
46. Re8+ Kf7 47. Kg3 b4 48. Rh8 Rc3+ 49. Kh4 b3 50. Ra8 Kg7 51. Rhb8 Bd3 52.
Kg5 1-0

[Event "Abierto Legislatura Norberto La Porta in memoriam"]
[Site "Buenos Aires, ARG"]
[Date "2009.04.13"]
[Round "6.28"]
[White "Juliarena, Agustin"]
[Black "Wisniacki, Flavio"]
[Result "0-1"]
[WhiteElo "2112"]
[BlackElo "2297"]

1. d4 Nf6 2. Nf3 e6 3. Bf4 c5 4. e3 Nh5 5. Bg3 Nxg3 6. hxg3 b6 7. Ne5 Bb7 8.
Nd2 Qc7 9. c3 Be7 10. a4 a6 11. Qh5 g6 12. Qh6 d6 13. Qg7 Rf8 14. Ng4 h5 15.
Nf6+ Bxf6 16. Qxf6 Qe7 17. Qh4 Nd7 18. g4 Qxh4 19. Rxh4 hxg4 20. Rxg4 Rh8 21.
O-O-O Ke7 22. dxc5 dxc5 23. Be2 Nf6 24. Rg5 Rh4 25. a5 Nh7 26. Rg3 b5 27. f4
Nf6 28. Bf3 Ra7 29. Rg5 c4 30. Bxb7 Rxb7 31. Rc5 Rh8 32. Rc6 Ra8 33. g3 Ng4
34. e4 Nf2 35. Rf1 Nd3+ 36. Kc2 Kd7 37. Rb6 Rxb6 38. axb6 Nc5 39. Nf3 Kc6 40.
Ne5+ Kxb6 41. Nxf7 Nxe4 42. Re1 Nc5 43. Ng5 Rh8 44. Re2 Rh1 45. Nxe6 Nb3 0-1

[Event "Abierto Legislatura Norberto La Porta in memoriam"]
[Site "Buenos Aires, ARG"]
[Date "2009.04.13"]
[Round "6.30"]
[White "Koch, Juan Enrique"]
[Black "Ambrogi, Agustin"]
[Result "0-1"]
[WhiteElo "2100"]
[BlackElo "2255"]

1. c4 e6 2. Nc3 d5 3. d4 Nf6 4. cxd5 exd5 5. Bg5 Be7 6. Qc2 O-O 7. e3 c6 8.
Bd3 Nbd7 9. Nf3 Re8 10. O-O Nf8 11. h3 Nh5 12. Bxe7 Rxe7 13. b4 a6 14. Na4 Qd6
15. Rab1 Qf6 16. Ne5 Ng6 17. f4 Ng3 18. Rfe1 Bf5 19. Bxf5 Qxf5 20. Qxf5 Nxf5
21. Kf2 Rae8 22. g4 Nd6 23. Nc3 f6 24. Nf3 Nc4 25. f5 Nh8 26. Nd1 b5 27. Re2
Nf7 28. Nd2 Nfd6 29. Nxc4 Ne4+ 30. Kg2 bxc4 31. Rc1 Rb7 32. a3 a5 33. bxa5
Rb3 34. Rb2 Rxa3 35. Rb6 Rxa5 36. Rxc6 Ra2+ 37. Kg1 Rb8 38. Re6 h6 39. Rxe4
dxe4 40. d5 Rd2 41. Nc3 Rbb2 42. Nxe4 Rxd5 43. Nc3 Rdd2 44. Ne4 Re2 45. Kf1 Rh2
46. Kg1 Rbg2+ 47. Kf1 Ra2 48. Kg1 Rxh3 49. Rxc4 Rxe3 50. Nf2 Rg3+ 0-1

[Event "Abierto Legislatura Norberto La Porta in memoriam"]
[Site "Buenos Aires, ARG"]
[Date "2009.04.13"]
[Round "6.31"]
[White "Airando, Martin"]
[Black "Paniagua Chnelik, Sebastian"]
[Result "1-0"]
[WhiteElo "2250"]
[BlackElo "2098"]

1. Nf3 d5 2. g3 c5 3. Bg2 Nc6 4. O-O e5 5. d3 Nf6 6. Na3 Be7 7. e4 O-O 8.
exd5 Nxd5 9. Re1 Bf6 10. c3 Bf5 11. Qb3 Bxd3 12. Nxe5 Nxe5 13. Qxd5 Re8 14. Bf4
Ba6 15. Bxe5 Qxd5 16. Bxd5 Rxe5 17. Rxe5 Bxe5 18. Rd1 Kf8 19. Bb3 Ke7 20. Rd5
Bd6 21. Bc4 Bxc4 22. Nxc4 Rd8 23. Nxd6 Rxd6 24. Rxc5 Kd7 25. Kg2 Rd2 26. Rb5
Kc6 27. a4 Rd1 28. Kf3 Ra1 29. Rb4 a5 30. Rc4+ Kd6 31. Rd4+ Kc6 32. Rh4 h6
33. Rc4+ Kd6 34. Rf4 f6 35. Rd4+ Kc6 36. Rg4 g5 37. Re4 Kd6 38. c4 f5 39. Rd4+
Ke6 40. b3 g4+ 41. Ke3 Rb1 42. Rd3 b6 43. f3 Rh1 44. fxg4 fxg4 45. Kf4 h5
46. Rd5 Rxh2 47. Rb5 Rf2+ 48. Kg5 Rf3 49. Kh4 Rf1 50. Kxh5 Rd1 51. Rxb6+ Kf5
52. Rb5+ Kf6 53. Kxg4 Rd3 54. Kf4 1-0

[Event "Abierto Legislatura Norberto La Porta in memoriam"]
[Site "Buenos Aires, ARG"]
[Date "2009.04.13"]
[Round "6.32"]
[White "Alvarez, Roberto"]
[Black "Cuevas, Alex"]
[Result "1/2-1/2"]
[WhiteElo "2095"]
[BlackElo "2244"]

1. d4 Nf6 2. c4 e6 3. Nf3 b6 4. g3 Ba6 5. Qc2 c5 6. d5 exd5 7. cxd5 g6 8. Nc3
Bg7 9. Bg2 O-O 10. O-O d6 11. a3 b5 12. Rd1 Qb6 13. h3 Nbd7 14. Be3 Rfe8 15.
Qd2 Qc7 16. Rac1 Nb6 17. b3 Qd7 18. Ne1 Bb7 19. Nc2 a5 20. Bg5 b4 21. axb4
axb4 22. Bxf6 Bxf6 23. Ne4 Be5 24. Ne3 Qe7 25. Nc4 Nxc4 26. Rxc4 Rec8 27. Ng5
h6 28. Nf3 Bg7 29. Qc2 Re8 30. Nd2 Qxe2 31. Bf3 Qe5 32. Re4 Qf6 33. Rf4 Qd8
34. h4 Be5 35. Rc4 Ba6 36. Re4 Bc8 37. Ree1 Bf5 38. Be4 Bxe4 39. Nxe4 f5 40.
Nd2 Qf6 41. Nc4 Ra7 42. Kg2 Rae7 43. Qd3 Kg7 44. Qf3 Bd4 45. Rxe7+ Rxe7 46.
Rd2 g5 47. hxg5 hxg5 48. Re2 Rxe2 49. Qxe2 Qf7 50. f3 Qd7 51. Qd3 Kf6 52. Nd2
Qb7 53. g4 Qxd5 54. gxf5 Qxf5 55. Ne4+ Kg6 56. Qa6 Be5 57. Qc6 g4 58. Qe8+ Qf7
59. Qxf7+ Kxf7 60. fxg4 Ke6 61. Kf3 Bd4 62. Ke2 d5 63. Ng5+ Ke5 64. Kd3 Bc3
65. Nf7+ Ke6 66. Ng5+ Kd7 67. Nh3 Be5 68. Ng5 Bg7 69. Nf3 Kc6 70. Ne1 Kb5 71.
Kc2 c4 72. Nf3 Bc3 73. g5 d4 74. bxc4+ Kxc4 75. Ne5+ Kd5 76. g6 d3+ 1/2-1/2

[Event "Abierto Legislatura Norberto La Porta in memoriam"]
[Site "Buenos Aires, ARG"]
[Date "2009.04.13"]
[Round "6.33"]
[White "Converset, Juan Jose"]
[Black "Fabian, Ariel"]
[Result "1-0"]
[WhiteElo "2239"]
[BlackElo "2087"]

1. e4 c6 2. d4 d5 3. Nc3 dxe4 4. Nxe4 Bf5 5. Ng3 Bg6 6. Bc4 e6 7. N1e2 Nf6 8.
O-O Bd6 9. f4 Qc7 10. f5 Bxf5 11. Nxf5 exf5 12. Rxf5 Nbd7 13. Bf4 Bxf4 14.
Nxf4 O-O 15. Qf3 Nb6 16. Bd3 Qd6 17. c3 Rae8 18. Rf1 Nbd7 19. Rg5 Qe7 20. Rg3
Ne4 21. Bxe4 Qxe4 22. Qg4 g6 23. Qxd7 f5 24. Nxg6 1-0

[Event "Abierto Legislatura Norberto La Porta in memoriam"]
[Site "Buenos Aires, ARG"]
[Date "2009.04.13"]
[Round "6.34"]
[White "Giampa, Alejandro"]
[Black "Balzano, Ivan Gustavo"]
[Result "1-0"]
[WhiteElo "2235"]
[BlackElo "2041"]

1. b3 c5 2. Bb2 Nc6 3. e3 d5 4. Nf3 Bg4 5. Bb5 Nf6 6. h3 Bh5 7. Bxc6+ bxc6 8.
d3 e6 9. Nbd2 Be7 10. Qe2 a5 11. a4 O-O 12. g4 Bg6 13. Ne5 Qc7 14. e4 Nd7
15. Nxd7 Qxd7 16. h4 f5 17. h5 Bf7 18. h6 d4 19. hxg7 Rfe8 20. Nc4 Qc7 21. e5
Kxg7 22. Bc1 Bg6 23. Bh6+ Kf7 24. O-O-O Rg8 25. Rdg1 fxg4 26. Rxg4 Bf5 27. Rg3
Bg6 28. Qd2 Ke8 29. Bg5 Bf8 30. Qe1 Kd7 31. Bd2 Bg7 32. f4 Rgf8 33. Rxh7 1-0

[Event "Abierto Legislatura Norberto La Porta in memoriam"]
[Site "Buenos Aires, ARG"]
[Date "2009.04.13"]
[Round "6.35"]
[White "Gargiulo, Lucas"]
[Black "Jarmoluk, Jorge E."]
[Result "1-0"]
[WhiteElo "2225"]
[BlackElo "2043"]

1. d4 d5 2. c4 e6 3. Nc3 Nf6 4. Nf3 c6 5. e3 Bd6 6. Qc2 Nbd7 7. g4 dxc4 8.
Bxc4 Nd5 9. Ne4 N7f6 10. Nxd6+ Qxd6 11. g5 Ne4 12. Qxe4 1-0

[Event "Abierto Legislatura Norberto La Porta in memoriam"]
[Site "Buenos Aires, ARG"]
[Date "2009.04.13"]
[Round "6.36"]
[White "Sapienza, Julian"]
[Black "Gallego, Ignacio"]
[Result "0-1"]
[WhiteElo "2215"]
[BlackElo "1968"]

1. e4 c5 2. Nf3 d6 3. d4 cxd4 4. c3 Nf6 5. e5 dxe5 6. Nxe5 Nc6 7. Bb5 Qd5 8.
Qe2 d3 9. Bxc6+ bxc6 10. Nxd3 Qxg2 11. Rf1 Bh3 12. Nd2 Qxh2 13. Nf3 Bxf1 14.
Qxf1 Qd6 15. Bf4 Qd5 16. Nfe5 e6 17. O-O-O Qxa2 18. Nxc6 Nd5 19. Ndb4 Bxb4
20. Nxb4 Qa1+ 21. Kc2 Qa4+ 22. Kb1 Nxf4 23. Rd4 Ng6 24. Qh1 O-O 25. Nc6 Qb5 26.
f4 Rac8 27. Nxa7 Qf5+ 28. Kc1 Rcd8 29. Rb4 Nxf4 30. Re4 Nd3+ 0-1

[Event "Abierto Legislatura Norberto La Porta in memoriam"]
[Site "Buenos Aires, ARG"]
[Date "2009.04.13"]
[Round "6.38"]
[White "Tokman, Ariel"]
[Black "Toranzo, Sebastian"]
[Result "1-0"]
[WhiteElo "2210"]
[BlackElo "1859"]

1. c4 Nf6 2. Nc3 g6 3. g3 Bg7 4. Bg2 O-O 5. d3 d6 6. e4 e5 7. Nge2 Nc6 8. O-O
Bg4 9. h3 Bxe2 10. Nxe2 Nd7 11. f4 exf4 12. Nxf4 Nd4 13. Be3 Nc5 14. Qd2 c6
15. b4 Nce6 16. Rab1 Qc7 17. Kh2 a5 18. b5 a4 19. h4 Nxf4 20. Bxf4 cxb5 21.
cxb5 Qc2 22. Qxc2 Nxc2 23. Rfc1 Na3 24. Rb4 Rac8 25. Rxc8 Rxc8 26. Bxd6 Bc3
27. Rxa4 Nxb5 28. Bf4 Be1 29. e5 Kg7 30. Re4 Ba5 31. Re2 b6 32. e6 fxe6 33.
Rxe6 1-0

[Event "Abierto Legislatura Norberto La Porta in memoriam"]
[Site "Buenos Aires, ARG"]
[Date "2009.04.13"]
[Round "6.40"]
[White "Albarracin, Nicolas"]
[Black "Ferrara, Alexis"]
[Result "0-1"]
[WhiteElo "2029"]
[BlackElo "2196"]

1. e4 e5 2. Nf3 Nc6 3. Bb5 a6 4. Ba4 d6 5. d4 b5 6. Bb3 Nxd4 7. Nxd4 exd4 8.
Qxd4 c5 9. Bxf7+ Kxf7 10. Qd5+ Be6 11. Qh5+ g6 12. Qd1 Nf6 13. Nd2 Bg7 14.
O-O Re8 15. f4 Kg8 16. f5 Bf7 17. Qf3 d5 18. exd5 Qxd5 19. Qg3 Ne4 20. Nxe4
Qxe4 21. f6 Bxf6 22. Bh6 Be5 23. Qg5 Bd4+ 24. Kh1 Be3 25. Qf6 Bxh6 26. Qxf7+ Kh8
27. c3 Rf8 28. Qc7 Rxf1+ 29. Rxf1 Rf8 0-1

[Event "Abierto Legislatura Norberto La Porta in memoriam"]
[Site "Buenos Aires, ARG"]
[Date "2009.04.13"]
[Round "6.41"]
[White "Benedetti, Claudio"]
[Black "Pucill, Facundo"]
[Result "0-1"]
[WhiteElo "1926"]
[BlackElo "2170"]

1. d4 d5 2. c4 Bf5 3. Nc3 e6 4. f3 Bb4 5. a3 Bd6 6. g3 c6 7. e4 dxe4 8. fxe4
Bg6 9. Nge2 e5 10. d5 Nf6 11. Bg2 a5 12. Be3 Na6 13. dxc6 bxc6 14. Qa4 Qc7
15. Nd5 Nxd5 16. cxd5 Bc5 17. Bd2 O-O 18. Qxc6 Qa7 19. Rf1 Rfc8 20. Qa4 Rab8
21. Bc3 Be3 22. Qxa5 Qb7 23. Bxe5 Nc5 24. Qc3 Nb3 25. Qxe3 Nxa1 26. Kf2 Nc2 27.
Qd3 Qb6+ 28. Kf3 Re8 29. Kf4 Rxe5 30. Kxe5 Ne3 31. Rf2 Ng4+ 32. Kf4 Nxf2 33.
b4 Nxd3+ 0-1

[Event "Abierto Legislatura Norberto La Porta in memoriam"]
[Site "Buenos Aires, ARG"]
[Date "2009.04.13"]
[Round "6.44"]
[White "Seidler, Aldo E."]
[Black "Pichot, Alan"]
[Result "1-0"]
[WhiteElo "2330"]
[BlackElo "2014"]

1. e4 c5 2. Nf3 Nc6 3. d4 cxd4 4. Nxd4 Nf6 5. Nc3 e5 6. Ndb5 d6 7. a4 a6 8.
Na3 Be7 9. f3 Be6 10. Be3 Rc8 11. Qd2 O-O 12. Nd5 Bxd5 13. exd5 Nb8 14. c4 b6
15. Bd3 Nbd7 16. O-O Ne8 17. f4 g6 18. f5 Nc5 19. Bc2 Ng7 20. f6 Bxf6 21.
Rxf6 Qxf6 22. Bg5 Nb3 23. Bxb3 Qf5 24. Be7 Rfe8 25. Bxd6 e4 26. Bf4 Qg4 27. h3
Qh4 28. Qf2 Qh5 29. Bd1 Qf5 30. Bg4 e3 31. Bxe3 Qxf2+ 32. Bxf2 f5 33. Bf3 Rb8
34. b4 Red8 35. c5 Ne8 36. Nc4 bxc5 37. bxc5 Nc7 38. d6 Ne8 39. Bd5+ Kf8 40.
c6 1-0

[Event "Abierto Legislatura Norberto La Porta in memoriam"]
[Site "Buenos Aires, ARG"]
[Date "2009.04.13"]
[Round "6.45"]
[White "Rago, Sergio"]
[Black "Prieu, Gustavo"]
[Result "1-0"]
[WhiteElo "2250"]
[BlackElo "2003"]

1. d4 Nf6 2. Nf3 e6 3. g3 d5 4. Bg2 Be7 5. O-O O-O 6. c4 dxc4 7. Qc2 b5 8. a4
c6 9. axb5 Bb7 10. Ne5 Nd5 11. Qxc4 cxb5 12. Qxb5 Qb6 13. Qxb6 axb6 14. Rxa8
Bxa8 15. Nc3 Nxc3 16. bxc3 Bxg2 17. Kxg2 Rc8 18. Bd2 f6 19. Nd3 Nc6 20. Rb1
Na5 21. Rxb6 Nc4 22. Rb7 Nxd2 23. Rxe7 Rxc3 24. Rxe6 Kf7 25. Rb6 Nc4 26. Rb7+
Kg6 27. Nf4+ Kh6 28. Ne6 Rc2 29. Nxg7 Rxe2 30. Kf3 Rd2 31. Nf5+ Kg5 32. g4
Rd3+ 33. Ke4 1-0

[Event "Abierto Legislatura Norberto La Porta in memoriam"]
[Site "Buenos Aires, ARG"]
[Date "2009.04.13"]
[Round "6.47"]
[White "Grushka, Carlos"]
[Black "Alvarez, Alberto Elias"]
[Result "1-0"]
[WhiteElo "2235"]
[BlackElo "1983"]

1. Nf3 g6 2. d4 Bg7 3. g3 d6 4. Bg2 Nf6 5. O-O O-O 6. c4 c5 7. dxc5 dxc5 8.
Ne5 Qxd1 9. Rxd1 Nfd7 10. Nd3 Nc6 11. Bxc6 bxc6 12. Nd2 Ba6 13. Rb1 Rab8 14.
b3 f5 15. Ba3 e5 16. Nxc5 Nxc5 17. Bxc5 Rf7 18. Nf3 h6 19. Rbc1 g5 20. Rd6 Bb7
21. Rcd1 a5 22. Re6 a4 23. Nxe5 Bxe5 24. Rxe5 axb3 25. axb3 Ba6 26. Rd6 Rxb3
27. Re8+ Kh7 28. Bd4 1-0

[Event "Abierto Legislatura Norberto La Porta in memoriam"]
[Site "Buenos Aires, ARG"]
[Date "2009.04.13"]
[Round "6.50"]
[White "Zuriel, Marisa"]
[Black "Ruiz Tristan, Francisco"]
[Result "1-0"]
[WhiteElo "2201"]
[BlackElo "1918"]

1. e4 d5 2. exd5 Qxd5 3. Nc3 Qa5 4. d4 c6 5. Bc4 Nf6 6. Nf3 Bf5 7. Bd2 e6 8.
Ne4 Qd8 9. Ng3 Bg4 10. c3 Bd6 11. h3 Bxg3 12. hxg4 Bd6 13. g5 Nd5 14. g6 fxg6
15. Qe2 Bf4 16. Qxe6+ Qe7 17. Bxd5 Bxd2+ 18. Kxd2 cxd5 19. Qc8+ 1-0

[Event "Abierto Legislatura Norberto La Porta in memoriam"]
[Site "Buenos Aires, ARG"]
[Date "2009.04.14"]
[Round "7.01"]
[White "Slipak, Sergio"]
[Black "Rodriguez Vila, Andres"]
[Result "0-1"]
[WhiteElo "2446"]
[BlackElo "2524"]

1. d4 e6 2. Nf3 c5 3. g3 cxd4 4. Nxd4 d5 5. Bg2 Nc6 6. O-O Qb6 7. Nb3 Nf6 8.
N1d2 a5 9. a4 e5 10. e4 d4 11. Kh1 h5 12. Nf3 Be7 13. Bg5 Be6 14. Nc1 Nd7 15.
Nd3 f6 16. Bd2 g5 17. h4 O-O-O 18. Qe1 Bc4 19. Rg1 g4 20. Nh2 Nc5 21. Bf1
Nxe4 22. Nxe5 Nxe5 23. Bxa5 Bd5 24. f3 gxf3 25. Bh3+ Kb8 26. Bxb6 f2 0-1

[Event "Abierto Legislatura Norberto La Porta in memoriam"]
[Site "Buenos Aires, ARG"]
[Date "2009.04.14"]
[Round "7.02"]
[White "Villanueva, Mario"]
[Black "Real De Azua, Ernesto"]
[Result "1/2-1/2"]
[WhiteElo "2311"]
[BlackElo "2446"]

1. e4 c5 2. Nf3 Nc6 3. Bb5 g6 4. O-O Bg7 5. Re1 e5 6. Bxc6 dxc6 7. d3 Qe7 8.
a3 a5 9. a4 Nf6 10. Na3 Nd7 11. Nc4 O-O 12. Be3 b6 13. Qd2 Ba6 14. Bh6 Bxc4
1/2-1/2

[Event "Abierto Legislatura Norberto La Porta in memoriam"]
[Site "Buenos Aires, ARG"]
[Date "2009.04.14"]
[Round "7.03"]
[White "Bianchi, Lucas"]
[Black "Cubas, Jose Fernando"]
[Result "1/2-1/2"]
[WhiteElo "2090"]
[BlackElo "2434"]

1. d4 d5 2. Nf3 Nf6 3. c4 e6 4. Nc3 Bb4 5. Bg5 Nbd7 6. e3 c5 7. cxd5 exd5 8.
Be2 Qa5 9. O-O Bxc3 10. bxc3 c4 11. Qc2 Ne4 12. Rfc1 Nb6 13. Bf4 O-O 14. Ng5
Bf5 15. f3 Ng3 16. e4 dxe4 17. fxe4 Nxe2+ 18. Qxe2 f6 19. exf5 fxg5 20. Bc7
Rae8 21. Bxb6 Qd5 22. Qg4 axb6 23. Qxg5 Rxf5 24. Qd2 b5 25. Rf1 Rfe5 26. Rae1
h6 27. Rxe5 Rxe5 28. Qf2 Re4 29. Qf8+ Kh7 30. Qf5+ Qxf5 31. Rxf5 b4 32. cxb4
Rxd4 33. Rc5 b6 34. Rc6 b5 35. Rc5 Rd2 36. h3 Rxa2 37. Rxb5 Rb2 38. Rb8 Kg6
39. b5 c3 40. Rc8 c2 41. Kh2 Kf5 42. b6 Ke4 43. b7 Kd3 44. Rd8+ Ke2 45. Re8+
Kd1 46. Rd8+ Ke2 47. Re8+ Kd1 48. Rd8+ Ke2 49. Re8+ Kd3 50. Rd8+ Ke2 51. Re8+
Kd3 1/2-1/2

[Event "Abierto Legislatura Norberto La Porta in memoriam"]
[Site "Buenos Aires, ARG"]
[Date "2009.04.14"]
[Round "7.04"]
[White "Flores, Diego"]
[Black "Julia, Ernesto"]
[Result "1-0"]
[WhiteElo "2585"]
[BlackElo "2371"]

1. c4 e5 2. Nc3 Bb4 3. Nd5 Bc5 4. Nf3 c6 5. Nc3 d6 6. e3 Nf6 7. d4 exd4 8.
exd4 Bb6 9. Qe2+ Qe7 10. Bf4 Qxe2+ 11. Bxe2 d5 12. O-O O-O 13. a3 dxc4 14. Bxc4
Bg4 15. Rad1 Bxf3 16. gxf3 Nbd7 17. d5 Rfe8 18. dxc6 bxc6 19. Kg2 Ne5 20.
Ba2 Nh5 21. Bg3 g5 22. Ne4 Nf4+ 23. Bxf4 gxf4 24. Nf6+ Kg7 25. Nxe8+ Rxe8 26.
Rfe1 Rg8 27. Re4 Kh8+ 28. Kh1 Nxf3 29. Rxf4 Ng5 30. Rg1 Rg7 31. h4 1-0

[Event "Abierto Legislatura Norberto La Porta in memoriam"]
[Site "Buenos Aires, ARG"]
[Date "2009.04.14"]
[Round "7.05"]
[White "Valerga, Diego"]
[Black "Quiroga, Facundo"]
[Result "1/2-1/2"]
[WhiteElo "2523"]
[BlackElo "2329"]

1. d4 Nf6 2. c4 e6 3. Nc3 Bb4 4. Qc2 Nc6 5. Nf3 d6 6. Bd2 Qe7 7. e3 O-O 8. a3
Bxc3 9. Bxc3 e5 10. d5 Nb8 11. Nd2 Nbd7 12. Be2 a5 13. b3 Ne8 14. O-O f5 15.
Rae1 e4 16. f3 exf3 17. Nxf3 Nc5 18. Bd3 Nf6 19. Bd4 Nxd3 20. Qxd3 Ne4 21.
Nd2 Bd7 22. Rf4 Rae8 23. Nxe4 fxe4 24. Qd2 b6 25. Qf2 Rf7 26. h3 Ref8 27. Rf1
Rxf4 28. exf4 Re8 29. Qe3 h5 30. f5 Rf8 31. g4 hxg4 32. hxg4 Qh4 33. Rf4 Re8
34. Kg2 g6 35. f6 Kf7 36. Rxe4 Rxe4 37. Qxe4 Qxg4+ 38. Qxg4 Bxg4 39. b4 axb4
40. axb4 Be2 41. c5 b5 42. cxd6 cxd6 43. Kg3 g5 44. Bb6 1/2-1/2

[Event "Abierto Legislatura Norberto La Porta in memoriam"]
[Site "Buenos Aires, ARG"]
[Date "2009.04.14"]
[Round "7.06"]
[White "Goldwaser, Christian"]
[Black "Dos Santos, Ramiro"]
[Result "1-0"]
[WhiteElo "2361"]
[BlackElo "2441"]

1. Nf3 Nf6 2. c4 g6 3. Nc3 c5 4. d4 cxd4 5. Nxd4 Bg7 6. e4 Nc6 7. Be3 d6 8.
Be2 O-O 9. O-O Bd7 10. Qd2 Nxd4 11. Bxd4 Bc6 12. f3 Nd7 13. Be3 a5 14. b3 Nc5
15. Rab1 Qb6 16. Rfc1 Rfc8 17. Rc2 Qd8 18. Bf1 h5 19. g3 Kh7 20. Nd5 Bxd5 21.
exd5 Qh8 22. f4 Bf6 23. Bh3 Rcb8 24. Rf1 b5 25. f5 bxc4 26. Rxc4 Rb4 27.
fxg6+ fxg6 28. Qe2 Rab8 29. Bd2 Rxc4 30. Qxc4 Qd8 31. g4 hxg4 32. Qxg4 Kg7 33.
Rf3 Qb6 34. Rg3 Nd3+ 35. Be3 Ne5 36. Qf4 Qb4 37. Qh6+ Kf7 38. Qh7+ Bg7 39.
Be6+ Ke8 40. Qxg7 Qe1+ 41. Kg2 Qe2+ 42. Bf2 Qe4+ 43. Kh3 Kd8 44. Qf8+ 1-0

[Event "Abierto Legislatura Norberto La Porta in memoriam"]
[Site "Buenos Aires, ARG"]
[Date "2009.04.14"]
[Round "7.07"]
[White "Blit, Jacques"]
[Black "Rodriguez, Jorge Luis"]
[Result "1/2-1/2"]
[WhiteElo "2324"]
[BlackElo "2393"]

1. e4 e6 2. d4 d5 3. e5 c5 4. c3 Qb6 5. Nf3 Nc6 6. a3 Nh6 7. b4 cxd4 8. cxd4
Nf5 9. Bb2 a5 10. b5 a4 11. Bc3 Na5 12. Qxa4 Bd7 13. Nbd2 Ra7 14. Qc2 Be7 15.
a4 O-O 16. Be2 Rc8 17. Qb2 Qd8 18. O-O b6 19. Rfc1 Rac7 20. Bxa5 bxa5 21.
Nb3 Bb4 22. Rxc7 Qxc7 23. Rc1 Bc3 24. b6 Bxb2 25. Rxc7 Rxc7 26. bxc7 Bc3 27.
Bb5 Bc8 28. g4 Ne7 29. Nc5 Bb4 30. Nd7 Bb7 31. Nb6 Nc8 32. Bc6 Ba6 33. Nxc8
Bxc8 34. Kf1 Kf8 35. Ke2 Ke7 36. Bb5 h6 37. Ne1 Bc3 38. Nf3 f6 39. h4 Bb4 40.
Kd3 fxe5 41. Nxe5 Kd6 42. f4 Kxc7 43. g5 Bd6 44. Ke3 Ba3 45. Nd3 Kd6 46. Kf3
Ke7 47. Ke3 Kd6 48. Kf3 Ke7 49. Ne5 Bb7 50. Kg4 Bb2 51. Nf3 Bc8 52. Kh5 hxg5
53. fxg5 Kf7 54. Ne5+ Kf8 55. Ng6+ Kf7 56. Ne5+ Kf8 57. Ng6+ 1/2-1/2

[Event "Abierto Legislatura Norberto La Porta in memoriam"]
[Site "Buenos Aires, ARG"]
[Date "2009.04.14"]
[Round "7.08"]
[White "Della Morte, German"]
[Black "Filgueira, Hernan"]
[Result "1/2-1/2"]
[WhiteElo "2382"]
[BlackElo "2354"]

1. e4 d6 2. d4 Nf6 3. Nc3 c6 4. Be3 e5 5. dxe5 Ng4 6. Bf4 dxe5 7. Qxd8+ Kxd8
8. Bg3 f6 9. O-O-O+ Ke8 10. h3 Nh6 11. Bc4 Bc5 12. Kb1 Ke7 13. f4 Be6 14.
Bxe6 Kxe6 15. fxe5 fxe5 16. Nf3 Nf7 17. Rd3 Nd7 18. Rhd1 Rad8 19. a3 Be7 20. Bf2
a6 21. b4 Nf6 22. Bb6 Rxd3 23. cxd3 Nd7 24. Be3 Bf6 25. d4 exd4 26. Bxd4
Nfe5 27. Bxe5 Nxe5 28. Nd4+ Kd7 29. Na4 Kc8 30. Nf5 Nf7 31. Nb6+ Kc7 32. Rd7+
Kxb6 33. Rxf7 Kb5 34. Rxb7+ Ka4 35. Kc2 Kxa3 36. Nd6 Ka4 37. Rb6 Rf8 38. Rxa6+
Kxb4 39. Rxc6 Ra8 40. Rc4+ Ka5 41. Rc8 Rxc8+ 42. Nxc8 Kb4 43. Kd3 Kc5 44. Ke3
g5 45. Kf3 h5 46. h4 g4+ 47. Kf4 Bxh4 48. e5 Kd5 49. Nb6+ Ke6 50. Nc4 Bd8
51. Ne3 Bc7 52. Kg5 Bxe5 53. Kxh5 g3 54. Kg4 Kf7 55. Nc4 Bc7 56. Nd2 Kg6 57.
Ne4 Bb8 58. Nc5 Bd6 59. Ne6 Bb8 60. Ng5 Bc7 61. Nf3 Bb8 62. Nh4+ Kf6 63. Nf5
Kg6 64. Ne7+ Kf6 65. Nd5+ Kg6 66. Nc3 Bc7 67. Ne4 Bb8 68. Nxg3 Bc7 69. Ne2 Bb8
70. Nf4+ Kf6 71. Nd5+ Kg6 72. Ne7+ Kf6 73. Nc6 Bc7 74. Nb4 Bb8 75. Kh5 Bg3
76. Nd5+ Kg7 77. Kg5 Be5 78. g4 Bb8 {Tablas en la jugada 82} 1/2-1/2